000 00883cem a22002417a 4500
001 17283020
005 20250516165819.0
007 aj canzn
007 cr |||||||||||
008 120502s1813 dcui a 0 e eng
050 0 0 _aG4014.B3 1813
_b.L3
100 1 _aLafon, Barthélémy,
_d1769-1820.
245 1 0 _aPlan of the Baton Rouge as it as been formerly built [fbar] the 20th 1813 /
_cLafon, eng.
260 _c1813.
300 _a1 ms. map :
_bcol. ;
_c23 x 16 cm.
500 _aRelief shown pictorially.
500 _aPen-and-ink, pencil, and watercolor.
500 _a"Office of Chief of Engineers, War Department. 58510 467" on verso.
500 _aMinimal level cataloging record.
710 1 _aUnited States.
_bWar Department.
_bOffice of the Chief of Engineers.
856 4 1 _dg4014b
_fct007410
_uhttps://hdl.loc.gov/loc.gmd/g4014b.ct007410
_qc
942 _2lcc
_cBK
_n0
999 _c5829
_d5829